Logo BPK

Biblioteka

Politechniki Koszalińskiej

The New Encyclopaedia Britannica : (Rekord nr 33108)

Szczegóły MARC
000 -ETYKIETA REKORDU
podpole kontrolne o stałej długości 00676nam a2200205 i 4500
001 - NUMER KONTROLNY REKORDU
pole kontrolne bg
020 ## - MIĘDZYNARODOWY ZNORMALIZOWANY NUMER KSIĄŻKI - ISBN
ISBN 0852296053
040 ## - ŹRÓDŁO KATALOGOWANIA
Instytucja, która utworzyła rekord BPK
041 0# - KOD JĘZYKA
Kod języka tekstu en
080 ## - UNIWERSALNA KLASYFIKACJA DZIESIĘTNA - UKD
UKD 0/9(03)
920 ## - Międzynarodowy znormalizowany numer książki – ISBN
ISBN 0-85229-605-3
008 - POLE O STAŁEJ DŁUGOŚCI - DANE KONTROLNE
podpole kontrolne o stałej długości s pl f |000 0 pol
245 04 - TYTUŁ/ODPOWIEDZIALNOŚĆ
Tytuł The New Encyclopaedia Britannica :
Ciąg dalszy tytułu in 32 volumes.
Oznaczenie części/sekcji dzieła [Prop.],
Tytuł części/sekcji dzieła Propaedia - outline of knowledge and guide to the Britannica /
Pozostałe elementy strefy tytułu i oznaczenia odpowiedzialności [Robert McHenry editor in chief et al.].
250 ## - STREFA WYDANIA
Oznaczenie wydania 15th ed.
260 ## - STREFA ADRESU WYDAWNICZEGO
Miejsce wydania Chicago [et al.] :
Nazwa wydawcy/dystrybutora Encyclopaedia Britannica,
Data publikacji, dystrybucji/powstania dokumentu 1995.
300 ## - STREFA OPISU FIZYCZNEGO
Objętość [2], 745, [1] s., 14 k. tabl. kolor. :
Inne cechy fizyczne il. ;
Rozmiary 29 cm.
650 #9 - HASŁO PRZEDMIOTOWE W FORMIE NAZWY OGÓLNEJ LUB JEDNOSTKOWEJ
Nazwa ogólna lub geograficzna Encyklopedia
700 1# - HASŁO DODATKOWE - NAZWA OSOBOWA
Nazwa osobowa McHENRY, Robert
Określenie związku między hasłem a opisywanym materiałem Red.
856 ## - LOKALIZACJA I DOSTĘP DO ELEKTRONICZNYCH DOKUMENTÓW ZDALNYCH
Link (URL) http://koha.tu.koszalin.pl/cgi-bin/koha/opac-detail.pl?biblionumber=33108
Tekst linku Katalog online BPK
942 ## - DODATKOWE ELEMENTY (KOHA)
Typ dokumentu Książka
Egzemplarze
Wycofany Status egzemplarza Uszkodzony Dostępność Lokalizacja stała Lokalizacja bieżąca Miejsce przechowywania Sygnatura Kod kreskowy Dział Typ dokumentu
      Tylko na miejscu Biblioteka Politechniki Koszalińskiej Biblioteka Politechniki Koszalińskiej Czytelnia BG 42943 01278255 0/9(03) Encyklopedie. Leksykony Książka
  Egz. niedostępny   Niedostępny Biblioteka Politechniki Koszalińskiej Biblioteka Politechniki Koszalińskiej         Książka
© 2023 Biblioteka Politechniki Koszalińskiej :: KOHA